Happy birthday! : Birthday parties and celebrations
| Main Author: | |
|---|---|
| Format: | Book |
| Published: |
Minnesota :
Capstone Press ,
2010
|
| Series: | Happy birthday !
|
| Subjects: |
MARC
| LEADER | 00000cam a2200000 7i4500 | ||
|---|---|---|---|
| 001 | 0000158708 | ||
| 005 | 20120807.0 | ||
| 020 | |a 9781429639996 | ||
| 090 | 0 | 0 | |a 793 |b SCH |
| 100 | 1 | |a Schuette, Sarah L |c 1976- | |
| 245 | 1 | 0 | |a Happy birthday! : |b Birthday parties and celebrations |c Sarah L. Schuette |
| 260 | |a Minnesota : |b Capstone Press , |c 2010 | ||
| 300 | |a 24p. : |b ill. ; |c 24cm. | ||
| 490 | 0 | |a Happy birthday ! | |
| 650 | 0 | 0 | |a Birthday parties |x Juvenile literature |
| 999 | |a 00261963 |b BUKU |c JUNIOR BOOKS |e PERPUSTAKAAN KOMUNITI PETALING JAYA | ||